Gesamtwirtschaftliche und unternehmerische Anpassungsfortschritte in Ostdeutschland Vierzehnter Bericht

Uložené v:
Podrobná bibliografia
Médium: Kniha
Jazyk:German
Vydavateľské údaje: Kiel Institut für Weltwirtschaft 1996
Vydanie:1. Aufl.
Edícia:Kieler Diskussionsbeiträge 277/278
Predmet:
Tagy: Pridať tag
Žiadne tagy, Buďte prvý, kto otaguje tento záznam!

MARC

LEADER 00000nam a2200000 4500
001 c015448
005 20221214071100.5
020 |a 3-89456-123-8 
041 0 |a ger 
044 |a DE 
245 1 0 |a Gesamtwirtschaftliche und unternehmerische Anpassungsfortschritte in Ostdeutschland  |b Vierzehnter Bericht 
250 |a 1. Aufl. 
264 1 |a Kiel  |b Institut für Weltwirtschaft  |c 1996 
300 |a 106 s. 
490 1 |a Kieler Diskussionsbeiträge  |v 277/278 
830 0 |a Kieler Diskussionsbeiträge  |v 277/278 
610 2 0 |a východné Nemecko 
610 2 0 |a hospodárstvo národné 
610 2 0 |a rast hospodársky 
610 2 0 |a financovanie 
610 2 0 |a štúdie prípadové 
610 2 0 |a politika hospodárska 
610 2 0 |a modely 
610 2 0 |a podnikanie 
610 2 0 |a bariéry rastu hospodárskeho